Spotlight on the... prime rental market (Record no. 109713)
[ view plain ]
| 000 -LEADER | |
|---|---|
| fixed length control field | 01162cad a22002415a 4500 |
| 001 - CONTROL NUMBER | |
| control field | L147754 |
| 008 - FIXED-LENGTH DATA ELEMENTS--GENERAL INFORMATION | |
| fixed length control field | 090615s2009 xxkd f 000 0 eng d |
| 035 ## - SYSTEM CONTROL NUMBER | |
| System control number | (Sirsi) u147754 |
| 041 0# - LANGUAGE CODE | |
| Language code of text/sound track or separate title | eng |
| 050 04 - LIBRARY OF CONGRESS CALL NUMBER | |
| Classification number | 333.33 $2 18 |
| 110 2# - MAIN ENTRY--CORPORATE NAME | |
| Corporate name or jurisdiction name as entry element | Savills |
| 9 (RLIN) | 2020 |
| 245 00 - TITLE STATEMENT | |
| Title | Spotlight on the... prime rental market |
| Medium | [electronic resource] |
| 260 ## - PUBLICATION, DISTRIBUTION, ETC. | |
| Place of publication, distribution, etc. | London |
| Name of publisher, distributor, etc. | Savills |
| Date of publication, distribution, etc. | 2009 |
| 490 #0 - SERIES STATEMENT | |
| Series statement | Savills UK Residential Research Report |
| 520 ## - SUMMARY, ETC. | |
| Summary, etc. | Presents an overview of the prime rental market. Reports an increase of 128% in properties to rent due to mortgage restrictions from April 2008 to March 2009. Finds that many properties advertised for renting are now returning to the sales market. Suggests that this trend will contribute to a stabilisation of the rental market in 2010. Forecasts rental growths in 2011. |
| 521 ## - TARGET AUDIENCE NOTE | |
| Target audience note | Advanced |
| 590 ## - LOCAL NOTE (RLIN) | |
| Local note | KA NTK |
| 650 24 - SUBJECT ADDED ENTRY--TOPICAL TERM | |
| Topical term or geographic name entry element | SAVILLS UK RESIDENTIAL RESEARCH REPORT |
| 651 #4 - SUBJECT ADDED ENTRY--GEOGRAPHIC NAME | |
| Geographic name | United Kingdom |
| Chronological subdivision | |
| 690 ## - LOCAL SUBJECT ADDED ENTRY--TOPICAL TERM (OCLC, RLIN) | |
| Topical term or geographic name as entry element | PROPERTY-RESIDENTIAL PROPERTY-RESIDENTIAL PROPERTY MARKET |
| 856 40 - ELECTRONIC LOCATION AND ACCESS | |
| Uniform Resource Identifier | <a href="https://www.savills.co.uk/research/Report.aspx?nodeID=10570#">https://www.savills.co.uk/research/Report.aspx?nodeID=10570#</a> |
| Public note | View the report free of charge at www.savills.co.uk... |
| 942 ## - ADDED ENTRY ELEMENTS (KOHA) | |
| Suppress in OPAC | 0 |
| Withdrawn status | Lost status | Source of classification or shelving scheme | Damaged status | Not for loan | Home library | Current library | Shelving location | Date acquired | Total Checkouts | Full call number | Barcode | Date last seen | Copy number | Price effective from | Koha item type |
|---|---|---|---|---|---|---|---|---|---|---|---|---|---|---|---|
| Dewey Decimal Classification | Virtual | Virtual | Online | 15/06/2009 | ONLINE PUBLICATION | 147754-2001 | 06/08/2019 | 1 | 06/08/2019 | Book |